000 00916nam a22002535i 4500
001 166189
003 ES-MaACL
005 20230906213300.0
008 050912s1886 fr | |||||||| ||fre d
040 _aCAM
_bspa
_cCAM
245 0 4 _aLes textes grecs publiés par Charles Graux.
250 _aEd. posthume dirigée par son père et surveillée par Ch.-Emile Ruelle.
260 _aParis :
_bF. Vieweg, libraire-éditeur,
_c1886.
300 _aXIV, 551 p., [1] h. de lám. doble ;
_c24 cm.
490 1 _aOeuvres de Charles Graux ;
_v2
594 _aParte del texto en griego.
650 _aLiteratura griega-
_vTextos.
_9224351
700 1 _aGraux, Charles,
_eed. lit.
_9127546
700 1 _aRuelle, Charles-Emile,
_eed. lit.
_9132162
700 1 _aVieweg, Franck,
_eed.
_9133708
830 0 _aOeuvres de Charles Graux ;
_v2
_9222527
852 _aES-MaACL
_jC-6603
_z-- Enc. hol.
999 _c166189
_d166189